[Event "Reykjavik Open 2018"]
[Site "Reykjavik ISL"]
[Date "2018.03.14"]
[Round "9.56"]
[White "Valtysson, Thor"]
[Black "Johannsson, Orn Leo"]
[Result "1/2-1/2"]
[WhiteElo "1922"]
[BlackElo "2206"]
[WhiteFideId "2301903"]
[BlackFideId "2303051"]
[EventDate "2018.03.06"]
[EventType "swiss"]

1. d4 c5 2. c3 b6 3. Bf4 Bb7 4. e3 Nf6 5. Nd2 d6 6. h3 Nbd7 7. Ngf3 g6 8. Be2
Bg7 9. O-O O-O 10. a4 a6 11. Bh2 Qc7 12. Qb1 Rac8 13. Qa2 cxd4 14. exd4 Qb8 15.
Bc4 Qa8 16. Rfe1 d5 17. Bd3 Ne4 18. Re2 Nxd2 19. Rxd2 Bc6 20. Re2 e6 21. Ne5
Nxe5 22. Bxe5 a5 23. Bxg7 Kxg7 24. Qa3 Qb8 25. Qe7 Rfe8 26. Qg5 Qb7 27. h4 Qd7
28. Bc2 f6 29. Qd2 Re7 30. Rae1 Rce8 31. b3 Qd6 32. Re3 Qf4 33. g3 Qd6 34. Qe2
e5 35. Bd3 e4 36. Bb5 Rc8 37. Bxc6 Rxc6 38. Qb2 f5 39. f4 Rec7 40. Rc1 Qf6 41.
Kf1 h6 42. Rc2 Kh7 43. Rh2 Kg8 44. Rc2 Kf7 45. Rd2 Qd6 46. Rf2 Ke6 47. Rd2 Kd7
48. Ke1 Kc8 49. Kd1 g5 50. hxg5 hxg5 51. Rf2 Rg7 52. Qe2 Kb7 53. Kc1 gxf4 54.
Rxf4 Rxg3 55. Rxf5 Qa3+ 56. Kd2 Qb2+ 57. Ke1 Qc1+ 1/2-1/2

[Event "Reykjavik Open 2018"]
[Site "Reykjavik ISL"]
[Date "2018.03.14"]
[Round "9.57"]
[White "Seyb, Dieter"]
[Black "Arvidsson, Jonas"]
[Result "1-0"]
[WhiteTitle "FM"]
[WhiteElo "2192"]
[BlackElo "1913"]
[WhiteFideId "4603346"]
[BlackFideId "1717839"]
[EventDate "2018.03.06"]
[EventType "swiss"]

1. e4 e5 2. Nf3 Nc6 3. d4 exd4 4. Nxd4 Nf6 5. Nxc6 bxc6 6. e5 Qe7 7. Qe2 Nd5 8.
c4 Ba6 9. g3 g6 10. b3 Bg7 11. Bb2 O-O 12. Bg2 Rae8 13. O-O Bxe5 14. Bxe5 Qxe5
15. Qxe5 Rxe5 16. cxd5 Bxf1 17. Kxf1 cxd5 18. Nc3 c6 19. Rd1 Rfe8 20. Bf3 f5 21.
Na4 Kf7 22. Nc5 R5e7 23. Rd4 Re1+ 24. Kg2 Ke7 25. Rh4 h5 26. Ra4 Ra8 27. Nd3 Re6
28. h4 Kd6 29. Nf4 Rf6 30. Kf1 Kc5 31. Ke1 a5 32. Kd2 Kb5 33. Be2+ Kb6 34. b4
Ra7 35. a3 Rd6 36. Kc2 axb4 37. Rxa7 Kxa7 38. axb4 Kb6 39. Kc3 c5 40. bxc5+ Kxc5
41. Nd3+ Kc6 42. Kd4 Kc7 43. Bf3 Ra6 44. Bxd5 Ra4+ 45. Ke5 Ra6 46. Nf4 Rb6 47.
Bf7 Rb2 48. Bxg6 Rxf2 49. Bxh5 Rf1 50. Kxf5 Kd6 51. Be2 Rf2 52. Kf6 Kc6 53. h5
d5 54. h6 Rh2 55. Kg6 d4 56. h7 Kd6 57. Bh5 1-0

[Event "Reykjavik Open 2018"]
[Site "Reykjavik ISL"]
[Date "2018.03.14"]
[Round "9.58"]
[White "Davidsson, Oskar Vikingur"]
[Black "Janzelj, Lara"]
[Result "0-1"]
[BlackTitle "WFM"]
[WhiteElo "1882"]
[BlackElo "2180"]
[WhiteFideId "2310627"]
[BlackFideId "14608391"]
[EventDate "2018.03.06"]
[EventType "swiss"]

1. e4 e5 2. Nf3 Nc6 3. Bb5 a6 4. Ba4 b5 5. Bb3 g6 6. O-O Bg7 7. c3 Nge7 8. d4
exd4 9. cxd4 O-O 10. Re1 d6 11. h3 Na5 12. Bc2 c5 13. Nc3 Nec6 14. Ne2 h6 15.
Bf4 Nc4 16. Bb3 Nxb2 17. Qc2 c4 18. Qxb2 cxb3 19. axb3 Re8 20. Ng3 Qf6 21. Be3
Bxh3 22. e5 dxe5 23. dxe5 Nxe5 24. Nxe5 Rxe5 25. Rec1 Rxe3 26. Qxf6 Bxf6 27.
fxe3 Bxa1 28. Rxa1 Be6 29. b4 Rc8 30. Ne4 Rc4 31. Nc5 Rxb4 32. Nxe6 fxe6 33.
Rxa6 Kf7 34. Kf2 Kf6 35. Kf3 Ke5 36. Rb6 Rb2 37. Rb8 Rb1 38. Rg8 b4 39. Kf2 b3
40. Rb8 b2 41. Rb5+ Ke4 42. Rb4+ Kf5 43. Rb8 h5 44. Rb5+ e5 45. Rb8 h4 46. Rb3
h3 0-1

[Event "Reykjavik Open 2018"]
[Site "Reykjavik ISL"]
[Date "2018.03.14"]
[Round "9.59"]
[White "Puglia, Francesco"]
[Black "Loftsson, Hrafn"]
[Result "0-1"]
[WhiteElo "1878"]
[BlackElo "2169"]
[WhiteFideId "2820060"]
[BlackFideId "2300729"]
[EventDate "2018.03.06"]
[EventType "swiss"]

1. Nf3 c5 2. g3 g6 3. Bg2 Bg7 4. c4 Nc6 5. Nc3 Nf6 6. O-O O-O 7. Rb1 d5 8. cxd5
Nxd5 9. Qb3 Nc7 10. d3 b6 11. Be3 Bd7 12. Rfc1 Rc8 13. Qd1 Ne6 14. Qd2 Re8 15.
Bh6 Bh8 16. Ne4 Ned4 17. Bg5 Bg4 18. Nxd4 Nxd4 19. Nc3 Qd7 20. h3 Bxh3 21. Kh2
Bxg2 22. Kxg2 c4 23. Rh1 cxd3 24. Rh4 dxe2 25. Rbh1 h5 26. Be3 Qc6+ 27. Ne4 Nf5
28. Rxh5 gxh5 0-1

[Event "Reykjavik Open 2018"]
[Site "Reykjavik ISL"]
[Date "2018.03.14"]
[Round "9.60"]
[White "Fridjonsson, Julius"]
[Black "Goldammer, Christian"]
[Result "1/2-1/2"]
[WhiteElo "2167"]
[BlackElo "1885"]
[WhiteFideId "2300842"]
[BlackFideId "30947200"]
[EventDate "2018.03.06"]
[EventType "swiss"]

1. c4 Nf6 2. Nc3 g6 3. g3 Bg7 4. Bg2 O-O 5. Nf3 d6 6. d4 Nc6 7. O-O a6 8. h3 Bd7
9. e4 e5 10. Be3 Rb8 11. Rc1 b5 12. cxb5 axb5 13. dxe5 dxe5 14. Bc5 Re8 15. Qc2
Qc8 16. g4 h5 17. Ng5 hxg4 18. Qb3 Nd8 19. Rfd1 gxh3 20. Rxd7 Qxd7 21. Bxh3 Qd3
22. Bf1 Qd7 23. Bh3 Ne6 24. Nd5 Nxd5 25. exd5 Nxc5 26. Bxd7 Nxb3 27. Rxc7 Nd4
28. Bxe8 Rxe8 29. Nxf7 Rf8 30. Ng5 Rd8 31. Ne6 Nxe6 32. dxe6 Re8 33. Rb7 Rxe6
34. Rxb5 e4 35. b3 Bd4 36. Rb4 Bb6 37. Rc4 Kf7 38. b4 Ke7 39. a4 e3 40. fxe3
Bxe3+ 41. Kg2 Kd6 42. Kf3 Kd5 43. Rc8 Bg1 44. a5 Rc6 45. Rxc6 Kxc6 46. Kf4 Kb5
47. Kg5 Kxb4 48. Kxg6 Kxa5 1/2-1/2

[Event "Reykjavik Open 2018"]
[Site "Reykjavik ISL"]
[Date "2018.03.14"]
[Round "9.62"]
[White "Bjarnason, Olafur"]
[Black "Adocchio, Giampiero"]
[Result "1-0"]
[WhiteElo "1826"]
[BlackElo "2157"]
[WhiteFideId "2316501"]
[BlackFideId "4666011"]
[EventDate "2018.03.06"]
[EventType "swiss"]

1. Nf3 c5 2. c4 Nf6 3. Nc3 e6 4. e3 Be7 5. Be2 O-O 6. O-O b6 7. b3 Bb7 8. Bb2 d5
9. d4 dxc4 10. Bxc4 cxd4 11. Nxd4 a6 12. a4 Nbd7 13. Qe2 Ne5 14. Rac1 Nxc4 15.
Qxc4 Rc8 16. Qe2 Rc5 17. f3 Rc7 18. Nb1 Nd5 19. Na3 Qd7 20. Rxc7 Qxc7 21. Rc1
Qd7 22. Nc4 Rc8 23. Rd1 Bc5 24. g3 f6 25. e4 Nb4 26. Kg2 Rd8 27. Ne3 Qe8 28.
Ndc2 Nxc2 29. Nxc2 Rxd1 30. Qxd1 Qe7 31. Qd2 Kf7 32. e5 f5 33. b4 Bxf3+ 34. Kxf3
Qb7+ 35. Ke2 Qg2+ 36. Kd1 Qf1+ 37. Ne1 Be7 38. Qe2 Qh1 39. Qg2 Qxg2 40. Nxg2
Bxb4 41. Bd4 b5 42. axb5 axb5 43. Kc2 g5 44. Kb3 Be7 45. Be3 Kg6 46. Ne1 h5 47.
Nd3 Bf8 48. Kc3 Be7 49. Kd4 Ba3 50. Bd2 Bf8 51. Nc5 Bxc5+ 52. Kxc5 f4 53. gxf4
gxf4 54. Bxf4 Kf5 55. Bg3 h4 56. Bxh4 Kxe5 57. Kxb5 Kf4 58. Kc4 e5 59. Bg3+ 1-0

[Event "Reykjavik Open 2018"]
[Site "Reykjavik ISL"]
[Date "2018.03.14"]
[Round "9.64"]
[White "Kvamme, John A"]
[Black "Pedersen, Lars Wisler"]
[Result "1-0"]
[WhiteElo "2108"]
[BlackElo "1842"]
[WhiteFideId "1500562"]
[BlackFideId "1417045"]
[EventDate "2018.03.06"]
[EventType "swiss"]

1. d4 d6 2. Nf3 Nf6 3. Bf4 g6 4. c3 Bg7 5. h3 O-O 6. e3 Nc6 7. Be2 Bd7 8. O-O
Ne4 9. Nbd2 Nxd2 10. Nxd2 e5 11. Bh2 Kh8 12. b4 f5 13. b5 Ne7 14. dxe5 dxe5 15.
Nf3 Qe8 16. Bxe5 Bxb5 17. Qd4 Rg8 18. Bxb5 Qxb5 19. Rab1 Qd5 20. Qxd5 Nxd5 21.
Rxb7 Nxc3 22. Rxc7 Nxa2 23. Ra1 Nb4 24. Raxa7 Rxa7 25. Rxa7 Nc6 26. Bxg7+ Rxg7
27. Ra8+ Rg8 28. Rxg8+ Kxg8 29. g4 fxg4 30. hxg4 Kg7 31. Kg2 Kf6 32. Kg3 Nb4 33.
Nd4 Ke5 34. f3 Nd5 35. Kf2 Nb4 36. Ne2 Nd3+ 37. Kf1 Nc5 38. Ng3 Nd3 39. Ke2 Nc1+
40. Kd2 Nb3+ 41. Kc3 Nc5 42. f4+ Kd5 43. g5 Na4+ 44. Kd3 Nb2+ 45. Ke2 Nc4 46.
Nf1 Nd6 47. Nd2 Nf7 48. Kd3 h6 49. e4+ Ke6 50. Nf3 h5 51. Nh4 Nh8 52. Kc4 Kf7
53. Kd5 Kg7 54. Ke6 Nf7 55. Ke7 Nh6 56. gxh6+ Kxh6 57. f5 gxf5 58. exf5 Kg5 59.
f6 Kxh4 60. f7 Kh3 61. f8=Q h4 62. Qf2 1-0

[Event "Reykjavik Open 2018"]
[Site "Reykjavik ISL"]
[Date "2018.03.14"]
[Round "9.65"]
[White "Berg, Margar M."]
[Black "Grant, David J"]
[Result "1-0"]
[WhiteElo "1811"]
[BlackElo "2068"]
[WhiteFideId "7200021"]
[BlackFideId "403717"]
[EventDate "2018.03.06"]
[EventType "swiss"]

1. d4 Nf6 2. Bg5 e6 3. Bxf6 Qxf6 4. e3 c5 5. c3 Nc6 6. Nd2 Qg6 7. g3 d5 8. Bg2
cxd4 9. exd4 Be7 10. Ne2 O-O 11. f4 b6 12. O-O Ba6 13. Nf3 Rad8 14. Ne5 Nxe5 15.
fxe5 Qh6 16. Rf3 f6 17. exf6 Rxf6 18. Rxf6 Bxf6 19. Nf4 Bg5 20. Qa4 Bc4 21. Qxa7
Bxf4 22. gxf4 Qxf4 23. Qxb6 Qe3+ 24. Kh1 Rf8 25. Qd6 Rf6 26. Qb8+ Kf7 27. Qg3
Qd2 28. b3 Bd3 29. Rg1 g5 30. c4 Rf5 31. cxd5 exd5 32. Qc7+ Kg6 33. Bxd5 Rxd5
34. Qc6+ Kh5 35. Qxd5 Qe3 36. Rxg5+ Kh6 37. Re5 Qc1+ 38. Kg2 Qf1+ 39. Kg3 Qg1+
40. Qg2 Qxd4 41. Qc6+ Bg6 42. Qc1+ Kg7 43. Qe3 1-0

[Event "Reykjavik Open 2018"]
[Site "Reykjavik ISL"]
[Date "2018.03.14"]
[Round "9.68"]
[White "Diaz, Franck"]
[Black "Fjallheim, Leif Reinert"]
[Result "1-0"]
[WhiteElo "2050"]
[BlackElo "1737"]
[WhiteFideId "639125"]
[BlackFideId "7201788"]
[EventDate "2018.03.06"]
[EventType "swiss"]

1. e4 d6 2. f4 g6 3. Bc4 Bg7 4. Nf3 c5 5. O-O Nc6 6. d3 a6 7. a3 e6 8. Nc3 Nge7
9. Qe1 b5 10. Ba2 Qb6 11. Kh1 a5 12. f5 exf5 13. exf5 Bxf5 14. Nd5 Qb7 15. Bg5
Bxb2 16. Rb1 Bg7 17. Rxb5 Qa7 18. Rb6 Be6 19. Ra6 Qxa6 20. Nc7+ Kd7 21. Nxa6
Bxa2 22. c4 Rxa6 23. Qe2 Bb3 24. Nd2 Rb6 25. Rxf7 Be5 26. Qg4+ Kd8 27. Qe6 Re8
28. Rxh7 Bc2 29. Qxg6 Bf4 30. Qh6 Bxd2 31. Bxd2 Rb1+ 32. Bc1 Kc7 33. h4 Bxd3 34.
Rg7 Nd4 35. Qd2 Nf5 36. Rg4 Kc6 37. Kh2 Rh8 38. Bb2 Rxb2 39. Qxb2 Nd4 40. Rxd4
cxd4 41. Qxd4 Ng6 42. Qxd3 Rxh4+ 43. Kg1 Ne5 44. Qd5+ Kd7 45. c5 Nc4 46. cxd6
Nxd6 47. Qxa5 Rc4 48. Kh2 Ke6 49. a4 Rh4+ 50. Kg3 Rh6 51. Qb6 Ke5 52. Qe3+ Kd5
53. Qd3+ Ke5 54. a5 Ne4+ 55. Kf3 Rf6+ 56. Ke3 Nd6 57. a6 Nf5+ 58. Kd2 Rd6 59. a7 1-0

[Event "Reykjavik Open 2018"]
[Site "Reykjavik ISL"]
[Date "2018.03.14"]
[Round "9.69"]
[White "Thorsteinsdottir, Hallgerdur"]
[Black "Danielsson, Sigurdur"]
[Result "1-0"]
[WhiteTitle "WFM"]
[WhiteElo "2041"]
[BlackElo "1791"]
[WhiteFideId "2302454"]
[BlackFideId "2301792"]
[EventDate "2018.03.06"]
[EventType "swiss"]

1. e4 c5 2. Nf3 Nc6 3. c3 e5 4. d4 cxd4 5. cxd4 exd4 6. Nxd4 Bb4+ 7. Nc3 Bxc3+
8. bxc3 Nge7 9. Qg4 Qa5 10. Bd2 Qe5 11. Nf3 f5 12. Nxe5 fxg4 13. Nxg4 d5 14.
exd5 Bxg4 15. dxc6 Nxc6 16. f3 Bf5 17. Bg5 h6 18. Bh4 g5 19. Bg3 Rh7 20. O-O-O
Re7 21. Bb5 Rc8 22. Rhe1 a6 23. Ba4 b5 24. Bc2 Bxc2 25. Rxe7+ Kxe7 26. Kxc2 b4
27. cxb4 Nxb4+ 28. Kb3 Nc6 29. Rd6 h5 30. Rd5 h4 31. Be1 Rb8+ 32. Kc2 Rg8 33. h3
Ke6 34. Rc5 Kd6 35. Rc4 Kd5 36. Ra4 Re8 37. Kd1 a5 38. Rg4 Rb8 39. Rxg5+ Kc4 40.
Ke2 Rb2+ 41. Ke3 Nd4 42. Bd2 Rxa2 43. Rg4 Ra3+ 44. Ke4 Nb3 45. Bg5 a4 46. Bxh4
Nc5+ 47. Kf5+ Kb5 48. Bf6 Rd3 49. Rg8 Rd5+ 50. Kg4 a3 51. h4 a2 52. Ra8 Na4 53.
h5 Rd6 54. Bh8 Rh6 55. Ba1 Rc6 56. Kg5 Rc1 57. Bh8 Rc5+ 58. Kg4 Rc2 59. g3 Rc1
60. h6 Rh1 61. Kg5 Rh3 62. g4 Rh1 63. Kg6 a1=Q 64. Bxa1 Rxa1 65. h7 1-0

[Event "Reykjavik Open 2018"]
[Site "Reykjavik ISL"]
[Date "2018.03.14"]
[Round "9.70"]
[White "Moran, Darragh"]
[Black "Magnusson, Magnus"]
[Result "0-1"]
[WhiteElo "1755"]
[BlackElo "2023"]
[WhiteFideId "2510294"]
[BlackFideId "2302128"]
[EventDate "2018.03.06"]
[EventType "swiss"]

1. e4 e5 2. Nc3 Nc6 3. g3 Bc5 4. Bg2 d6 5. Nge2 f5 6. Na4 Nf6 7. Nxc5 dxc5 8.
Nc3 O-O 9. O-O f4 10. d3 Ng4 11. Nd5 Nd4 12. gxf4 c6 13. f5 Nxh2 14. Kxh2 Qh4+
15. Kg1 cxd5 16. c3 Nb5 17. Qf3 g6 18. Qg3 Qxg3 19. fxg3 gxf5 20. exf5 Rxf5 21.
Rxf5 Bxf5 22. Bxd5+ Kg7 23. Be3 Rd8 24. Bc4 Nd6 25. Kf2 Nxc4 26. dxc4 b6 27. Ke1
Bg4 28. Rc1 Kg6 29. Rc2 Rd1+ 30. Kf2 Kf5 31. Rd2 Rxd2+ 32. Bxd2 Ke4 33. Bg5 Kd3
34. Bf6 e4 35. b4 e3+ 36. Ke1 cxb4 37. cxb4 Kxc4 38. Be7 b5 39. Bc5 e2 40. Bxa7
Kxb4 41. Kd2 Ka3 42. Bf2 Kxa2 43. Kc3 Kb1 44. Kd2 b4 45. Be1 b3 46. Kc3 b2 47.
Kb3 Kc1 0-1

[Event "Reykjavik Open 2018"]
[Site "Reykjavik ISL"]
[Date "2018.03.14"]
[Round "9.71"]
[White "Mortensen, Rogvi"]
[Black "Vignisson, Ingvar Egill"]
[Result "1-0"]
[WhiteElo "2018"]
[BlackElo "1656"]
[WhiteFideId "7202369"]
[BlackFideId "2309270"]
[EventDate "2018.03.06"]
[EventType "swiss"]

1. d4 d5 2. c4 c6 3. Nf3 Nf6 4. Nc3 e6 5. e3 Nbd7 6. Qc2 Bd6 7. Bd3 dxc4 8. Bxc4
b5 9. Be2 Bb7 10. e4 e5 11. O-O O-O 12. Rd1 Qc7 13. g3 a6 14. dxe5 Nxe5 15. Nxe5
Bxe5 16. f4 Qb6+ 17. Kf1 Bd4 18. Bf3 c5 19. Ne2 Rfe8 20. Nxd4 cxd4 21. Re1 Rac8
22. Qd3 b4 23. e5 Nd5 24. Bd2 a5 25. Kg2 Qc6 26. Rac1 Ne3+ 27. Rxe3 dxe3 28.
Rxc6 Bxc6 29. Bxe3 Ba4 30. Be4 Rc2+ 31. Qxc2 Bxc2 32. Bxc2 Rc8 33. Bb3 g6 34. e6
Kf8 35. exf7 a4 36. Bxa4 Kxf7 37. Kf3 h5 38. Ke4 Ke6 39. Bb3+ Kd6 40. Bf7 Rc2
41. Bd4 Re2+ 42. Kd3 Rxh2 43. Bxg6 Rh3 44. Kc4 b3 45. axb3 Rxg3 46. Bxh5 Rh3 47.
Be2 Rh2 48. Bd3 Rh1 49. f5 Rh3 50. f6 Rf3 51. Be4 Rf4 52. Bd5 Rf1 53. f7 Rc1+
54. Bc3 Rf1 55. f8=Q+ 1-0

[Event "Reykjavik Open 2018"]
[Site "Reykjavik ISL"]
[Date "2018.03.14"]
[Round "9.72"]
[White "Hallsson, Jon Eggert"]
[Black "Thurlow, Kevin J"]
[Result "0-1"]
[BlackTitle "CM"]
[WhiteElo "1684"]
[BlackElo "1999"]
[WhiteFideId "2311569"]
[BlackFideId "406104"]
[EventDate "2018.03.06"]
[EventType "swiss"]

1. f4 Nf6 2. Nf3 d6 3. e3 g6 4. Bc4 Bg7 5. Nc3 O-O 6. O-O Nbd7 7. d3 c6 8. a4
Qc7 9. Rb1 e5 10. e4 d5 11. exd5 cxd5 12. Bb3 e4 13. dxe4 dxe4 14. Nd4 Nc5 15.
Be3 a6 16. h3 Rd8 17. Qe1 Nxb3 18. Nxb3 Be6 19. Nc5 Bc4 20. Rf2 Qc6 21. b3 Bd5
22. a5 Rac8 23. N3a4 Nd7 24. f5 Nxc5 25. Nxc5 Bf8 26. b4 Bd6 27. Qf1 Qb5 28.
Qxb5 axb5 29. Rd1 Bc6 30. Rfd2 Be7 31. Rxd8+ Rxd8 32. Rxd8+ Bxd8 33. fxg6 hxg6
34. a6 bxa6 35. Nxa6 f5 36. c3 Kf7 37. Nc5 Bf6 38. Bd2 Ke7 39. Kf2 Kd6 40. g4
Bh4+ 41. Ke2 Ke5 42. gxf5 gxf5 43. Bh6 f4 44. Nb3 Bd7 45. Nd4 Bxh3 46. Kd2 e3+
47. Ke2 Ke4 48. Bf8 f3+ 49. Nxf3 Bg4 0-1

[Event "Reykjavik Open 2018"]
[Site "Reykjavik ISL"]
[Date "2018.03.14"]
[Round "9.73"]
[White "Ingebretsen, Jens E"]
[Black "Jonsson, Pall G"]
[Result "1-0"]
[WhiteElo "2132"]
[BlackElo "1841"]
[WhiteFideId "1522965"]
[BlackFideId "2303205"]
[EventDate "2018.03.06"]
[EventType "swiss"]

1. e4 g6 2. d4 Bg7 3. Nc3 d6 4. Be3 Nf6 5. f3 O-O 6. Qd2 Re8 7. O-O-O c6 8. h4
Qa5 9. g4 h5 10. Bd3 hxg4 11. Bh6 Bxh6 12. Qxh6 Qh5 13. Qe3 e5 14. dxe5 dxe5 15.
Bc4 Kg7 16. Rd6 Nbd7 17. Rh2 gxf3 18. Rhd2 Nb6 19. Bb3 Bg4 20. Nd1 Re7 21. Nf2
Rd7 22. Qc5 Re8 23. Rxd7 Bxd7 24. Qd6 Qxh4 25. Nxf3 Qf4 26. Qd3 Bc8 27. Ng1 Re7
28. Ngh3 Bxh3 29. Qxh3 Rd7 30. Nd3 Qxe4 31. Rh2 Rd8 32. Qh6+ 1-0

[Event "Reykjavik Open 2018"]
[Site "Reykjavik ISL"]
[Date "2018.03.14"]
[Round "9.74"]
[White "Ilkov, Dani"]
[Black "Coleman, David J"]
[Result "0-1"]
[BlackTitle "CM"]
[WhiteElo "1841"]
[BlackElo "2107"]
[WhiteFideId "2926849"]
[BlackFideId "402087"]
[EventDate "2018.03.06"]
[EventType "swiss"]

1. c4 c5 2. g3 Nc6 3. Bg2 g6 4. Nc3 Bg7 5. a3 d6 6. e3 Nh6 7. Nge2 Nf5 8. Rb1 a5
9. Nb5 e5 10. b3 h5 11. h4 O-O 12. Bb2 Re8 13. O-O Nfe7 14. d4 exd4 15. exd4 Bg4
16. Re1 cxd4 17. Nbxd4 Qb6 18. Nxc6 Nxc6 19. Bxg7 Kxg7 20. Qd2 Re5 21. Nc3 Rae8
22. Rxe5 dxe5 23. Qe3 Nd4 24. Nb5 Nf3+ 25. Bxf3 Qxe3 26. fxe3 Bxf3 27. Nd6 Rd8
28. c5 b6 29. b4 axb4 30. axb4 bxc5 31. bxc5 Ra8 32. Rf1 Bd5 33. e4 Be6 34. Rc1
Bd7 35. Rb1 Ra5 36. Rb7 Be6 37. Rc7 Ra8 38. c6 Rd8 39. Nb7 Rd4 40. Nc5 Bg4 41.
Ra7 Rc4 42. Ra5 Kf6 43. c7 Ke7 44. Ra7 Bc8 45. Ra8 Rxc5 46. Rxc8 Rc6 47. Kf2 Kd7
48. Rf8 Rf6+ 49. Ke3 Kxc7 50. Re8 Kd6 51. Rd8+ Ke7 52. Ra8 Rb6 53. Ra7+ Ke6 54.
Rc7 f5 55. Rc4 Rb3+ 56. Kf2 fxe4 57. Rxe4 Kf5 58. Ra4 Rd3 59. Rb4 Rd2+ 60. Kf3
Rd4 61. Rb8 e4+ 62. Kf2 Rd2+ 63. Ke3 Rd3+ 64. Kf2 Rf3+ 65. Kg2 Kg4 66. Rb4 Rxg3+
67. Kf2 Kxh4 68. Rxe4+ Rg4 69. Re3 Ra4 70. Kg2 g5 71. Rc3 Kg4 72. Rg3+ Kf5 73.
Rb3 Ra2+ 74. Kg3 h4+ 75. Kh3 g4+ 0-1

[Event "Reykjavik Open 2018"]
[Site "Reykjavik ISL"]
[Date "2018.03.14"]
[Round "9.75"]
[White "Alderson, John K A"]
[Black "Marentini, Marcel"]
[Result "0-1"]
[WhiteElo "1824"]
[BlackElo "2024"]
[WhiteFideId "422711"]
[BlackFideId "1318730"]
[EventDate "2018.03.06"]
[EventType "swiss"]

1. c4 d6 2. g3 f5 3. Bg2 Nf6 4. d4 g6 5. b3 Bg7 6. Bb2 O-O 7. Nf3 a5 8. Nc3 c6
9. Qc2 Na6 10. Rd1 Bd7 11. O-O Rc8 12. e4 Nb4 13. Qe2 Nxe4 14. Nxe4 fxe4 15.
Qxe4 Bf5 16. Qe2 Nxa2 17. Nh4 Bd7 18. d5 Bxb2 19. Qxb2 Nb4 20. Qd4 Rf7 21. dxc6
bxc6 22. Qe4 Qf8 23. f4 Qg7 24. Rde1 Rcf8 25. f5 gxf5 26. Qf4 Nd3 27. Qe3 Nxe1
28. Qxe1 f4 29. Qxa5 fxg3 30. Rxf7 gxh2+ 31. Kh1 Qxf7 32. Qc7 Qf2 33. Qxd7 Qg1# 0-1

[Event "Reykjavik Open 2018"]
[Site "Reykjavik ISL"]
[Date "2018.03.14"]
[Round "9.77"]
[White "Mai, Alexander Oliver"]
[Black "Peoples, Jonathon"]
[Result "1/2-1/2"]
[WhiteElo "1995"]
[BlackElo "1763"]
[WhiteFideId "2313391"]
[BlackFideId "2509520"]
[EventDate "2018.03.06"]
[EventType "swiss"]

1. e4 c5 2. Nf3 d6 3. d4 cxd4 4. Nxd4 Nf6 5. Nc3 Nc6 6. Bg5 e6 7. Qd2 Bd7 8.
O-O-O a6 9. f3 Qc7 10. h4 h6 11. Be3 h5 12. Be2 Nxd4 13. Qxd4 b5 14. a3 Be7 15.
Qb6 Qxb6 16. Bxb6 Rc8 17. Ba5 Bc6 18. Bb4 d5 19. Bxe7 Kxe7 20. e5 Nd7 21. f4 f6
22. exf6+ Nxf6 23. Bf3 Rhd8 24. Rhe1 d4 25. Ne4 Bxe4 26. Bxe4 a5 27. Bf3 d3 28.
c3 b4 29. axb4 axb4 30. Kd2 Rc4 31. f5 bxc3+ 32. bxc3 Rxh4 33. Rxe6+ Kf7 34. Ke3 1/2-1/2

[Event "Reykjavik Open 2018"]
[Site "Reykjavik ISL"]
[Date "2018.03.14"]
[Round "9.78"]
[White "Hansen, Ib Lynaes"]
[Black "Runarsson, Gunnar"]
[Result "0-1"]
[WhiteElo "1822"]
[BlackElo "1993"]
[WhiteFideId "1407511"]
[BlackFideId "2301768"]
[EventDate "2018.03.06"]
[EventType "swiss"]

1. d4 Nf6 2. c4 g6 3. Nc3 d5 4. e3 Bg7 5. Nf3 O-O 6. Bd3 dxc4 7. Bxc4 c5 8. O-O
Nc6 9. d5 Na5 10. Bb3 Nxb3 11. Qxb3 b6 12. e4 e6 13. Bg5 h6 14. Bxf6 Bxf6 15. e5
Bg7 16. d6 Bb7 17. Rfe1 Bxf3 18. gxf3 Qg5+ 19. Kf1 Bxe5 20. Ne4 Qf4 21. Qe3 Qxe3
22. fxe3 f5 23. Nc3 Bxd6 24. Re2 Be5 25. Nd1 Rfd8 26. f4 Bf6 27. e4 Rd4 28. Nf2
Rad8 29. Rae1 Kf7 30. Kg2 Bh4 31. exf5 exf5 32. Kf3 R8d7 33. Rc1 Bxf2 34. Rxf2
Rd3+ 35. Kg2 Rd2 36. Rc2 Rxc2 37. Rxc2 Rd4 38. Kf3 Rd3+ 39. Kf2 Kf6 40. b3 g5
41. fxg5+ hxg5 42. Ke2 Rh3 43. Kf1 f4 44. Kg2 Rd3 45. Rb2 g4 46. Rc2 Kf5 47. Rb2
Ke4 48. Kf2 Rf3+ 49. Kg2 Kd3 50. Rb1 Kc2 51. Rh1 Rd3 52. Rf1 Rd2+ 53. Kg1 Rd1 0-1

[Event "Reykjavik Open 2018"]
[Site "Reykjavik ISL"]
[Date "2018.03.14"]
[Round "9.79"]
[White "Shaw, Robin A"]
[Black "Murray, Michael A."]
[Result "0-1"]
[WhiteElo "1770"]
[BlackElo "1975"]
[WhiteFideId "3204677"]
[BlackFideId "2609126"]
[EventDate "2018.03.06"]
[EventType "swiss"]

1. g3 Nc6 2. Bg2 e5 3. d3 d6 4. c4 f5 5. Nc3 Nf6 6. e4 Be7 7. Nge2 O-O 8. O-O
Qe8 9. Nd5 Bd8 10. f3 Qg6 11. Kh1 Ne7 12. Ne3 c6 13. b4 h5 14. Rg1 Bc7 15. a4
Be6 16. Bd2 Rad8 17. Qc2 Bb8 18. Bh3 Bc8 19. Bg2 fxe4 20. dxe4 a5 21. Rad1 axb4
22. Bxb4 Qh6 23. Bd2 Qh7 24. h3 Ba7 25. Qb3 Kh8 26. Ba5 Rd7 27. h4 Ne8 28. Rgf1
b6 29. Bb4 Qh6 30. Bc3 Qxe3 31. Qb2 Qh6 32. Bh3 Rb7 33. Bd2 Qg6 34. Bg2 Be6 35.
Qc3 Qf7 36. Rc1 Nf6 37. Rfd1 Nd7 38. Bg5 Bb8 39. f4 Bg4 40. Rd2 Nc5 41. Qc2 Bxe2
42. Rxe2 Ne6 43. f5 Nd4 44. Qd3 Nxe2 45. Qxe2 Ng8 46. Bf3 Nf6 47. Rg1 Ra7 48.
Bxf6 Qxf6 49. Bxh5 Qh6 50. g4 g6 51. Bxg6 Qxh4+ 52. Kg2 Kg8 53. Rh1 Qg5 54. Rh5
Qf4 55. g5 Rg7 56. f6 Rxf6 57. gxf6 Rxg6+ 58. Kh1 Qxf6 59. Rh2 Ba7 60. c5 b5 61.
Rg2 Bxc5 62. axb5 Qh4+ 0-1

[Event "Reykjavik Open 2018"]
[Site "Reykjavik ISL"]
[Date "2018.03.14"]
[Round "9.80"]
[White "Green, Per"]
[Black "Holm, Fridgeir K"]
[Result "0-1"]
[WhiteElo "1961"]
[BlackElo "1746"]
[WhiteFideId "1703811"]
[BlackFideId "2307324"]
[EventDate "2018.03.06"]
[EventType "swiss"]

1. Nf3 b6 2. e4 e5 3. Nc3 Nc6 4. Bc4 h6 5. O-O Nf6 6. d4 exd4 7. Nxd4 Ne5 8. Bb3
Bc5 9. Nf5 O-O 10. Bf4 Ng6 11. Bxh6 gxh6 12. Nxh6+ Kg7 13. Nf5+ Kh8 14. Qf3 d6
15. Qh3+ Nh7 16. Nd5 c6 17. Qc3+ f6 18. Nde3 Nf4 19. Qd2 Qe8 20. Nxd6 Bxd6 21.
Qxd6 Qxe4 22. c3 Bh3 23. Rae1 Nxg2 24. Bc2 Qf4 25. Qd3 Ng5 26. f3 Nxe1 27. Rxe1
Nxf3+ 28. Kf2 Ne5+ 0-1

[Event "Reykjavik Open 2018"]
[Site "Reykjavik ISL"]
[Date "2018.03.14"]
[Round "9.82"]
[White "Halldorsson, Hjorleifur"]
[Black "Frank, Tena"]
[Result "0-1"]
[BlackTitle "WFM"]
[WhiteElo "1792"]
[BlackElo "1921"]
[WhiteFideId "2303647"]
[BlackFideId "4624297"]
[EventDate "2018.03.06"]
[EventType "swiss"]

1. d4 d5 2. Nf3 e6 3. c4 c6 4. Nc3 dxc4 5. a4 Bb4 6. e3 b5 7. Ne5 Qc7 8. Bd2
Bxc3 9. Bxc3 a5 10. b4 axb4 11. Bxb4 Bb7 12. Qg4 g6 13. Qf4 Na6 14. Bd6 Qa5+ 15.
Ke2 f6 16. Ng4 O-O-O 17. e4 g5 18. Qg3 h5 19. Nxf6 Nxf6 0-1